<?xml version="1.0" encoding="UTF-8"?>
<collection xmlns="http://www.loc.gov/MARC21/slim">
 <record>
  <leader>00983nam a22002295a 4500</leader>
  <controlfield tag="001">CEM.cems024970</controlfield>
  <controlfield tag="008">251106s2010####mx############000#0#und#d</controlfield>
  <controlfield tag="005">20251106141249.0</controlfield>
  <datafield tag="245" ind1="1" ind2="0">
   <subfield code="a">Cuando las panteras no eran negras /</subfield>
   <subfield code="c">Fabio Morábito ; ilustrado por Abraham Balcázar.</subfield>
  </datafield>
  <datafield tag="250" ind1=" " ind2=" ">
   <subfield code="a">1a ed.</subfield>
  </datafield>
  <datafield tag="260" ind1=" " ind2=" ">
   <subfield code="a">México :</subfield>
   <subfield code="b">Fondo de Cultura Económica,</subfield>
   <subfield code="c">2010.</subfield>
  </datafield>
  <datafield tag="300" ind1=" " ind2=" ">
   <subfield code="a">102 p.</subfield>
  </datafield>
  <datafield tag="490" ind1="1" ind2=" ">
   <subfield code="a">A la orilla del viento ;</subfield>
   <subfield code="v">205</subfield>
  </datafield>
  <datafield tag="520" ind1=" " ind2=" ">
   <subfield code="a">En un tiempo en que cazar era lo que daba sentido a la vida, una joven pantera queda huérfana cuando su madre ataca a un búfalo. Inicia entonces un viaje en busca de su identidad, durante el cual enfrentará los retos y peligros de la vida en la selva.</subfield>
  </datafield>
  <datafield tag="020" ind1=" " ind2=" ">
   <subfield code="a">9786071602039</subfield>
  </datafield>
  <datafield tag="100" ind1="1" ind2=" ">
   <subfield code="a">Morábito, Fabio.</subfield>
  </datafield>
  <datafield tag="700" ind1="1" ind2=" ">
   <subfield code="a">Balcázar, Abraham; il.</subfield>
  </datafield>
  <datafield tag="653" ind1=" " ind2=" ">
   <subfield code="a">Literatura italiana</subfield>
  </datafield>
  <datafield tag="653" ind1=" " ind2=" ">
   <subfield code="a">Literatura juvenil</subfield>
  </datafield>
  <datafield tag="653" ind1=" " ind2=" ">
   <subfield code="a">Novela juvenil</subfield>
  </datafield>
  <datafield tag="653" ind1=" " ind2=" ">
   <subfield code="a">Literatura juvenil</subfield>
  </datafield>
  <datafield tag="859" ind1=" " ind2=" ">
   <subfield code="a">CEMS</subfield>
   <subfield code="b">BIB. CEMS - 11 de abril</subfield>
   <subfield code="h">858.9</subfield>
   <subfield code="i">M79-1</subfield>
   <subfield code="p">30496.25</subfield>
   <subfield code="t">Ej.1</subfield>
  </datafield>
 </record>
</collection>
